000 00597nam a22002297a 4500
003 OSt
005 20250909020003.0
008 171213b xxu||||| |||| 00| 0 eng d
020 _a1292089237
020 _a9781292089232
040 _cDDC
082 _a621.1 HIB 2017
100 _aHibbeler, R.C.
_912293
245 _aEngineering Mechanics Statics
250 _a14th ed.
260 _aHoboken; Pearson, 2017
300 _axxv,684p; col.ill: 24cm
504 _aAnswers, & index included
650 _aEngineering Mechanics
_912294
650 _aStatics
_912295
942 _2ddc
_cO_SHELF
_01
999 _c5919
_d5919